Normal view
MARC view
- Literatura noruega
Entry Materia
001 - NÚMERO DE CONTROL DEL REGISTRO
- campo de control: 14381
003 - IDENTIFICADOR DE NUMERO DE CONTROL
- campo de control: MX-MxUPN
005 - FECHA Y HORA DE LA ÚLTIMA TRANSACCIÓN
- campo de control: 20241023151600.0
008 - DATOS DE LONGITUD FIJA
- campo de control de longitud fija: 241023n||acnnnbabn n ana |d
035 ## - NÚMERO DE CONTROL DEL SISTEMA
- Número de control del sistema: UPN10000014389
040 ## - FUENTE DE LA CATALOGACIÓN
- Lengua de catalogación: spa
- Agencia de transcripción: MX-MxUPN
- Centro catalogador de origen: MX-MxUPN
150 ## - ENCABEZAMIENTO - TEMÁTICO
- Término de materia o nombre geográfico como elemento inicial: Literatura noruega
670 ## - FUENTE EN LA QUE SE LOCALIZARON DATOS
- Cita de la fuente: Autoridades BGTQ, 23 octubre 2024 :
- Información localizada: (Literatura noruega)
902 ## - CATALOGADOR
- Catalogador: MCM/051200
- Catalogador: MaríaRobles/231024
